Coupe du monde 2018 - Statistiques

Statistiques générales
  • Ce quiz a été pris 692 fois
  • Le résultat moyen est 10 sur 15
Statistiques - réponses
Question Réponse % Correct
Seule équipe invaincue qualifiée minimum pour les quarts France
94%
Groupe de la France ( mettre la lettre ) C
92%
Groupe du Brésil ( mettre la lettre ) E
92%
Tenant du titre Allemagne
86%
Nombre de victoires 6
80%
Sa nationalité Français
74%
Capitaine des vainqueurs français Hugo Lloris
74%
Meilleur jeune joueur de la compétition Kyllian Mbappé
74%
Meilleur joueur de la compétition Luka Modric
69%
Score d’Allemagne - Suede 2-1
68%
Troisième buteur en finale Antoine Griezmann
67%
Pire équipe du mondial ( points en phase de poule + différence de buts ) Panama
37%
Dernier buteur des demi-finales Mario Mandzukic
29%
Dernier buteur avant la finale Eden Hazard
22%
Dernier buteur des quarts de finale Dele Alli
4%
Aucun quiz correspondant
Distribution des résultats
% des personnes avec chaque résultat
Percentile par nombre de réponses
Votre historique - résultats
Vous n’avez pas pris ce quiz